000 00469nam a22001817a 4500
005 20230110113651.0
008 221216b |||||||| |||| 00| 0 eng d
020 _a0-19-872871-9
041 _aeng
082 _a547-CLA-O
100 _aCLAYDEN , JONATHAN ., GREEVES, NICK AND WARREN ,STUART
_96462
245 _aORGANIC CHEMISTRY ( 2nd edition )
250 _a2nd ed.
260 _c2021
300 _a1234;P.
650 _aPHARMACY
_xD.PHARMA
_97090
942 _cBK
999 _c8072
_d8070